000 00558nam a22001817i 4500
999 _c22858
_d22858
003 AR-CdUCM
008 240502b20222022pe ||||| |||| 00| 0 spa d
020 _a978-612-48854-4-0
040 _aMUNICIPALIDAD PROVINCIAL DEL CUSCO
_cBIBLIOTECA MUNICIPAL DEL CUSCO
041 _hspa
082 _a869.56 / C1336P
_bC1336P
100 _aCabrera Gómez, Jorge
_949682
245 _aProsas y versos rescatados del olvido /
260 _aLima :
_bAlmandino Editores,
_c2022.
300 _a206 páginas. :
_c21 cm.
942 _2ddc
_cLIBROS
945 _apbj
_d2024-05-02